LEADER 00946nam0-22002771i-450- 001 990000156560403321 035 $a000015656 035 $aFED01000015656 035 $a(Aleph)000015656FED01 035 $a000015656 100 $a20011111d--------km-y0itay50------ba 101 0 $aita 105 $ay-------001yy 200 1 $aFiume Po$eidrometro di Cremona$eeffemeridi dal 1916 al 1930$eappendice al volume relativo per il periodo dal 1868 al1915$fMinistero dei lavori pubblici, Servizio idrografico del Po, Parma. 210 $aRoma$cIstituto poligrafico dello Stato Libreria$d1934 215 $ap. varia$d34 cm 610 0 $aPo $aRilievi idrometrici 676 $a551.483 710 02$aItalia.$bServizio Idrografico.$bUfficio Idrografico del Po$c 801 0$aIT$bUNINA$gRICA$2UNIMARC 901 $aBK 912 $a990000156560403321 952 $a13 N 44 26$b16513$fFINBC 959 $aFINBC 997 $aUNINA DB $aING01 LEADER 01862aam a2200361 i 4500 001 991002658769707536 008 070416s2007 it a 100 0 ita d 020 $a9788870756548 035 $ab13560906-39ule_inst 040 $aBiblioteca Interfacoltà$bita 082 04$a025.5 245 03$aLa biblioteca su misura :$bverso la personalizzazione del servizio /$ca cura di Claudio Gamba e Maria Laura Trapletti 260 $aMilano :$bBibliografica,$cc2007 300 $a300 p. :$bill. ;$c24 cm 440 3$aIl cantiere biblioteca ;$v16 500 $aIn testa al front.: Regione Lombardia ; Provincia di Milano ; Milano, Comune di Milano ; Biblioteche oggi 500 $aRielaborazione delle relazioni tenute al Convegno "La biblioteca su misura. Verso la personalizzazione del servizio", svoltosi a Milano nel 2006 650 04$aBiblioteche$xGestione$vCongressi 650 04$aBiblioteche digitali$vCongressi 650 04$aBiblioteche$xServizi$xControllo di qualità$vCongressi 650 04$aInformazione bibliografica$vCongressi 650 4$aReference services (Libraries) 700 1 $aGamba, Claudio 700 1 $aTrapletti, Maria Laura 907 $a.b13560906$b25-01-19$c18-07-07 912 $a991002658769707536 945 $aLE005 020 GAM02. 01$g1$i2005000303227$lle005$o-$pE0.00$q-$rl$s- $t0$u0$v0$w0$x0$y.i1533045x$z11-10-11 945 $aLE026 025.5 GAM 01.01 2007$g1$i2026000045412$lle026$nBiblioteca$op$pE25.00$q-$rl$s- $t4$u0$v0$w0$x0$y.i14958788$z23-04-09 945 $aLE002 Bibl. Ris. 240/16$g1$i2002000604545$lle002$op$pE25.00$q-$rl$so $t0$u0$v0$w0$x0$y.i14518739$z19-07-07 945 $aLE002 025.5 BIB$g2$i2002001091030$lle002$o-$pE0.00$q-$rl$s- $t0$u1$v0$w1$x0$y.i15874060$z25-01-19 996 $aBiblioteca su misura$91218199 997 $aUNISALENTO 998 $ale005$a(2)le026$ale002$b18-07-07$cm$da $e-$fita$git $h3$i0 LEADER 01781nas 2200529-a 450 001 996335853403316 005 20240112213020.0 011 $a2332-1601 035 $a(OCoLC)48672567 035 $a(CKB)111022869251006 035 $a(CONSER)--2004230164 035 $a(EXLCZ)99111022869251006 100 $a20011228b19uu2020 -a- a 101 0 $aeng 135 $aurmnu|||||||| 181 $ctxt$2rdacontent 182 $cc$2rdamedia 183 $acr$2rdacarrier 200 10$aChiefs of State and Cabinet members of foreign governments 210 $a[Washington, D.C.] $cCIA Directorate of Intelligence 311 $a0162-2951 517 1 $aChiefs of State & Cabinet members of foreign governments, a directory 517 1 $aChiefs of State & Cabinet members of foreign governments 517 1 $aWorld leaders and cabinet members of foreign governments 606 $aHeads of state$vRegisters 606 $aCabinet officers$vRegisters 606 $aCabinet officers$2fast$3(OCoLC)fst00843535 606 $aHeads of state$2fast$3(OCoLC)fst00952677 606 $aCABINET OFFICERS$2unbist 606 $aDIRECTORIES$2unbist 606 $aHEADS OF STATE$2unbist 608 $aPeriodicals.$2fast 608 $aRegisters (Lists)$2fast 608 $aRegisters (Lists)$2lcgft 615 0$aHeads of state 615 0$aCabinet officers 615 7$aCabinet officers. 615 7$aHeads of state. 615 17$aCABINET OFFICERS. 615 17$aDIRECTORIES. 615 17$aHEADS OF STATE. 676 $a320 712 02$aUnited States.$bCentral Intelligence Agency.$bDirectorate of Intelligence. 906 $aJOURNAL 912 $a996335853403316 996 $aChiefs of State and Cabinet members of foreign governments$92388852 997 $aUNISA